Google Translate Languages - Statistics

General Stats
  • This quiz has been taken 35 times
    12 since last reset
  • The average score is 113 of 229
Answer Stats
Answer % Correct
English
100%
Albanian
92%
Finnish
92%
French
92%
Italian
92%
Polish
92%
Russian
92%
Swedish
92%
Turkish
92%
Amharic
83%
Arabic
83%
Bosnian
83%
Cantonese
83%
Czech
83%
Danish
83%
Ga
83%
Greek
83%
Hmong
83%
Hungarian
83%
Igbo
83%
Irish
83%
Japanese
83%
Korean
83%
Latvian
83%
Malay
83%
Persian
83%
Romani
83%
Romanian
83%
Slovak
83%
Spanish
83%
Tamil
83%
Thai
83%
Vietnamese
83%
Armenian
75%
Belarusian
75%
Bengali
75%
Burmese
75%
Croatian
75%
Dutch
75%
Estonian
75%
Georgian
75%
German
75%
Hebrew
75%
Hindi
75%
Indonesian
75%
Javanese
75%
Kannada
75%
Kazakh
75%
Khmer
75%
Kurdish (Kurmanji)
75%
Kurdish (Sorani)
75%
Kyrgyz
75%
Lao
75%
Latin
75%
Lithuanian
75%
Macedonian
75%
Malayalam
75%
Nepali
75%
Occitan
75%
Pashto
75%
Portuguese
75%
Punjabi
75%
Quechua
75%
Samoan
75%
Scottish Gaelic
75%
Serbian
75%
Slovenian
75%
Swahili
75%
Ukrainian
75%
Urdu
75%
Welsh
75%
Zulu
75%
Abkhaz
67%
Afrikaans
67%
Bulgarian
67%
Chechen
67%
Filipino
67%
Haitian Creole
67%
Icelandic
67%
Maori
67%
Norwegian
67%
Simplified Chinese
67%
Sindhi
67%
Sinhala
67%
Tajik
67%
Tatar
67%
Tongan
67%
Traditional Chinese
67%
Uyghur
67%
Uzbek
67%
Afar
58%
Assamese
58%
Aymara
58%
Azeri
58%
Basque
58%
Breton
58%
Corsican
58%
Frisian
58%
Galician
58%
Guarani
58%
Gujarati
58%
Hausa
58%
Maltese
58%
Manx
58%
Marathi
58%
Mongolian
58%
Oromo
58%
Ossetian
58%
Shan
58%
Sundanese
58%
Telugu
58%
Tibetan
58%
Xhosa
58%
Yoruba
58%
Bashkir
50%
Catalan
50%
Cebuano
50%
Chuvash
50%
Hawaiian
50%
Konkani
50%
Luxembourgish
50%
Maithili
50%
Somali
50%
Sotho
50%
Tok Pisin
50%
Venetian
50%
Yiddish
50%
Balochi
42%
Bhojpuri
42%
Dari
42%
Esperanto
42%
Greenlandic / Kalaallisut
42%
Jamaican Patois
42%
Kinyarwanda
42%
Kirundi
42%
Lombard
42%
Malagasy
42%
Marshallese
42%
Oriya
42%
Sanskrit
42%
Tetum
42%
Tigrinya
42%
Venda
42%
Yakut
42%
Bambara
33%
Buryat
33%
Crimean Tatar
33%
Dhivehi
33%
Dinka
33%
Dogri
33%
Ewe
33%
Ilocano
33%
Krio
33%
Ligurian
33%
Lingala
33%
Luganda
33%
Mizo
33%
Nahuatl
33%
Northern Sami
33%
Northern Sotho
33%
Seychellois Creole
33%
Shona
33%
Southern Ndebele
33%
Tuvan
33%
Udmurt
33%
Wolof
33%
Acehnese
25%
Avar
25%
Fon
25%
Friulian
25%
Komi
25%
Limburgish
25%
Luo
25%
Madurese
25%
Makassar
25%
Meadow Mari / Eastern Mari
25%
Nuer
25%
Santali
25%
Swati
25%
Tamazight
25%
Tulu
25%
Alur
17%
Bemba
17%
Bikol
17%
Chamorro
17%
Chichewa
17%
Fulani
17%
Hiligaynon
17%
Kapampangan
17%
Kikongo
17%
Kituba
17%
Marwari
17%
Meitei
17%
Sango
17%
Tahitian
17%
Tsonga
17%
Twi
17%
Waray
17%
Zapotec
17%
Acholi
8%
Awadhi
8%
Batak Toba
8%
Betawi
8%
Hunsrik
8%
Jingpo
8%
Kanuri
8%
Khasi
8%
Kokborok
8%
Latgalian
8%
Mam
8%
Ndau
8%
Newari
8%
N'ko
8%
Pangasinan
8%
Papiamento
8%
Silesian
8%
Tiv
8%
Yucatec Maya
8%
Baoulé
0%
Batak Karo
0%
Batak Simalungun
0%
Chuukese
0%
Dyula
0%
Hakha Chin
0%
Iban
0%
Ndombe
0%
Q'eqchi'
0%
Susu
0%
Tumbuka
0%
No matching quizzes found
Score Distribution
Percent of People with Each Score
Percentile by Number Answered
Your Score History
You have not taken this quiz since the last reset